Filosofía, ética, moral y valores / (Record no. 35345)
[ view plain ]
| 000 -LEADER | |
|---|---|
| fixed length control field | 00626nam a22002057a 4500 |
| 005 - DATE AND TIME OF LATEST TRANSACTION | |
| control field | 20150124124148.0 |
| 008 - FIXED-LENGTH DATA ELEMENTS--GENERAL INFORMATION | |
| fixed length control field | 121127t mx||||| |||| 00| 0 spa d |
| 020 ## - INTERNATIONAL STANDARD BOOK NUMBER | |
| International Standard Book Number | 9706863966 |
| 050 04 - LIBRARY OF CONGRESS CALL NUMBER | |
| Classification number | BJ66 |
| Item number | N86 2004 |
| 100 1# - MAIN ENTRY--PERSONAL NAME | |
| Personal name | Nuño Vizcarra, Francisco |
| 245 10 - TITLE STATEMENT | |
| Title | Filosofía, ética, moral y valores / |
| Statement of responsibility, etc | Francisco Nuño Vizcarra |
| 250 ## - EDITION STATEMENT | |
| Edition statement | 1a ed. |
| 260 ## - PUBLICATION, DISTRIBUTION, ETC. (IMPRINT) | |
| Place of publication, distribution, etc | México : |
| Name of publisher, distributor, etc | Thomson, |
| Date of publication, distribution, etc | 2004 |
| 300 ## - PHYSICAL DESCRIPTION | |
| Extent | viii, 119 p. : |
| Other physical details | il. ; |
| Dimensions | 25 cm. |
| 504 ## - BIBLIOGRAPHY, ETC. NOTE | |
| Bibliography, etc | Incluye bibliografía e índice |
| 650 #4 - SUBJECT ADDED ENTRY--TOPICAL TERM | |
| Topical term or geographic name as entry element | Ética |
| Relator term | Estudio y enseñanza |
| 650 #4 - SUBJECT ADDED ENTRY--TOPICAL TERM | |
| Topical term or geographic name as entry element | Filosofía |
| General subdivision | Estudio y enseñanza |
| 650 #4 - SUBJECT ADDED ENTRY--TOPICAL TERM | |
| Topical term or geographic name as entry element | Moral y valores |
| 942 ## - ADDED ENTRY ELEMENTS (KOHA) | |
| Source of classification or shelving scheme | Biblioteca del Cogreso de los Estados Unidos |
| Koha item type | Libro |
| Estado de pérdida | Fuente de clasificación | Estado del daño | No para préstamo | Ubicación permanente | Ubicación actual | Apartado o colección | Fecha de adquisición | Fuente de adquisición | Área del conocimiento | Clasificación | Código de Barras | Date last seen | Número de copia | Tipo de recurso | Edición | Total Checkouts | Costo por reposición |
|---|---|---|---|---|---|---|---|---|---|---|---|---|---|---|---|---|---|
| Biblioteca del Cogreso de los Estados Unidos | Biblioteca de la Facultad de Ingeniería Mecánica | Biblioteca de la Facultad de Ingeniería Mecánica | General | 16/05/2025 | Educación y Humanidades | BJ66 N86 2004 | BIM000000006 | 16/05/2025 | 1 | Libro | 1a ed. | 1.00 | |||||
| Biblioteca del Cogreso de los Estados Unidos | Biblioteca de la Facultad de Ingeniería Mecánica | Biblioteca de la Facultad de Ingeniería Mecánica | General | 16/05/2025 | Educación y Humanidades | BJ66 N86 2004 | BIM000000007 | 16/05/2025 | 2 | Libro | 1a ed. | 1.00 | |||||
| Biblioteca del Cogreso de los Estados Unidos | Biblioteca de la Facultad de Ingeniería Mecánica | Biblioteca de la Facultad de Ingeniería Mecánica | General | 16/05/2025 | Educación y Humanidades | BJ66 N86 2004 | BIM000000008 | 16/05/2025 | 3 | Libro | 1a ed. | 1.00 | |||||
| Biblioteca del Cogreso de los Estados Unidos | Biblioteca de la Facultad de Ingeniería Mecánica | Biblioteca de la Facultad de Ingeniería Mecánica | General | 16/05/2025 | Educación y Humanidades | BJ66 N86 2004 | BIM000000005 | 16/05/2025 | 4 | Libro | 1a ed. | 1.00 | |||||
| Biblioteca del Cogreso de los Estados Unidos | Biblioteca de la Facultad de Ingeniería Mecánica | Biblioteca de la Facultad de Ingeniería Mecánica | General | 16/05/2025 | Educación y Humanidades | BJ66 N86 2004 | BIM000000003 | 16/05/2025 | 5 | Libro | 1a ed. | 1.00 | |||||
| Biblioteca del Cogreso de los Estados Unidos | Biblioteca de la Facultad de Ingeniería Mecánica | Biblioteca de la Facultad de Ingeniería Mecánica | General | 16/05/2025 | Educación y Humanidades | BJ66 N86 2004 | BIM000000004 | 16/05/2025 | 6 | Libro | 1a ed. | 1.00 | |||||
| Biblioteca del Cogreso de los Estados Unidos | Biblioteca de la Facultad de Ingeniería Mecánica | Biblioteca de la Facultad de Ingeniería Mecánica | General | 16/05/2025 | Educación y Humanidades | BJ66 N86 2004 | BIM000000002 | 16/05/2025 | 7 | Libro | 1a ed. | 1.00 | |||||
| Biblioteca del Cogreso de los Estados Unidos | Biblioteca de la Facultad de Ingeniería Mecánica | Biblioteca de la Facultad de Ingeniería Mecánica | General | 16/05/2025 | Educación y Humanidades | BJ66 N86 2004 | BIM000000001 | 16/05/2025 | 8 | Libro | 1a ed. | 1.00 | |||||
| Biblioteca del Cogreso de los Estados Unidos | Biblioteca de la Preparatoria José Ma. Morelos | Biblioteca de la Preparatoria José Ma. Morelos | General | 27/11/2012 | BJ66 N86 2004 | PJM000002412 | 16/01/2015 | 1 | Libro | ||||||||
| Biblioteca del Cogreso de los Estados Unidos | Biblioteca de la Preparatoria José Ma. Morelos | Biblioteca de la Preparatoria José Ma. Morelos | General | 27/11/2012 | BJ66 N86 2004 | PJM000002413 | 16/01/2015 | 2 | Libro |